| Поле | Название | Значение |
| |
Тип записи |
a |
| |
Библиографический уровень |
m |
| 001 |
Контрольный номер |
UONB/MAIN/86c8b76341c04974838d04c25be81672 |
| 005 |
Дата корректировки |
20250520122642.3 |
| 010 |
Индекс ISBN |
__ |
| 9 |
Тираж |
1000 экз. |
| 100 |
Данные общей обработки |
__ |
| a |
Данные общей обработки |
20220906d1986 u y0rusy0189## ca |
| 101 |
Язык документа |
0_ |
| a |
Язык текста |
rus |
| 102 |
Страна публикации |
__ |
| a |
Страна публикации |
RU |
| 105 |
Кодированные данные (монография) |
__ |
| a |
Кодированные данные (монография) |
a b 000yy |
| 200 |
Заглавие и сведения об ответственности |
1_ |
| a |
Заглавие |
Современное изобразительное искусство Монголии |
| e |
Сведения, относящиеся к заглавию |
кат. выст. |
| e |
Сведения, относящиеся к заглавию |
Дни монг. культуры в СССР, посвящ. 65-й годовщине МНР |
| f |
Первые сведения об ответственности |
М-во культуры СССР, М-во культуры МНР |
| 210 |
Выходные данные |
1_ |
| a |
Место издания |
Москва |
| c |
Издательство |
ВХПО |
| d |
Дата издания |
1986 |
| 215 |
Физическое описание |
__ |
| a |
Объем |
60 с. |
| c |
Иллюстрации/тип воспроизводства |
ил., цв. ил. |
| d |
Формат |
15х22 см |
| 606 |
Тематические рубрики |
0_ |
| a |
Основная рубрика |
Монгольское изобразительное искусство |
| y |
Географическая подрубрика |
Москва |
| z |
Хронологическая подрубрика |
20 в. |
| z |
Хронологическая подрубрика |
1986 |
| j |
Формальный подзаголовок |
Выставки |
| 606 |
Тематические рубрики |
0_ |
| a |
Основная рубрика |
Монгольское декоративно-прикладное искусство |
| y |
Географическая подрубрика |
Москва |
| z |
Хронологическая подрубрика |
20 в. |
| z |
Хронологическая подрубрика |
1986 |
| j |
Формальный подзаголовок |
Выставки |
| 610 |
Ключевые слова |
0_ |
| a |
Ключевые слова |
изобразительное искусство монгольское; декоративно-прикладное искусство монгольское; каталоги выставок; дни монгольской культуры; выставки изобразительного искусства |
| 686 |
Индексы других классификаций |
__ |
| a |
Классификационный индекс |
85.103(5) |
| 2 |
Код системы |
rubbk |
| 801 |
Источник записи |
_0 |
| a |
Страна |
RU |
| b |
Организация |
Ульяновская ОНБ |
| c |
Дата составления |
20220906 |
| g |
Правила каталогизации |
RCR |
| 801 |
Источник записи |
_1 |
| a |
Страна |
RU |
| b |
Организация |
Ульяновская ОНБ |
| c |
Дата составления |
20220906 |
| g |
Правила каталогизации |
RCR |
| 901 |
Тип документа |
__ |
| t |
Тип документа |
m |
| 909 |
Создатель записи |
__ |
| a |
Создатель записи |
Богданова |
| b |
Дата создания записи |
20220906 |